Cricket: Centurions Across All Three Formats - Statistics

General Stats
  • This quiz has been taken 62 times
    42 since last reset
  • The average score is 14 of 21
Answer Stats
Country Test ODI T20i Answer % Correct
PAK 196 158 122 Babar Azam
95%
WI 333 215 117 Chris Gayle
95%
AUS 335* 179 100* David Warner
95%
IND 212 264 118 Rohit Sharma
95%
IND 254* 183 122* Virat Kohli
95%
NZ 189 237* 105 Martin Guptill
87%
SL 374 144 100 Mahela Jayawardene
85%
NZ 302 166 123 Brendon McCullum
77%
IND 199 112 110* KL Rahul
74%
IND 128 208 126* Shubman Gill
74%
IND 120 116* 101 Suresh Raina
64%
ENG 152 162* 101* Jos Buttler
62%
BAN 206 158 103* Tamim Iqbal
62%
PAK 115* 115 104 Mohammad Rizwan
59%
IRE 103 177 115* Paul Stirling
59%
AUS 176 185* 124* Shane Watson
59%
AUS 104 108 145* Glenn Maxwell
56%
SL 193 161* 104* Tillakaratne Dilshan
56%
SA 199 185 119 Faf du Plessis
51%
ENG 140 125 103* Dawid Malan
23%
PAK 176 124 111* Ahmed Shehzad
15%
No matching quizzes found
Score Distribution
Percent of People with Each Score
Percentile by Number Answered
Your Score History
You have not taken this quiz since the last reset